| 000 | 00559nam a2200193 a 4500 | ||
|---|---|---|---|
| 001 | 4347 | ||
| 003 | CO-ViMGA | ||
| 008 | 141112s2004 ck r 000 u spa d | ||
| 040 |
_aCO-ViMGA _bspa _cCO-ViMGA |
||
| 082 | 0 | 4 | _a352.13 L334 |
| 100 | 1 | _aLegis | |
| 245 | 1 | 0 | _aManual del impuesto de industria y comercio de bogotá |
| 260 |
_aSantafé de Bogotá : _bLegis, _c1997 |
||
| 300 | _a277 p | ||
| 650 | 1 | 4 |
_aCOMERCIO - IMPUESTOS - Bogotá _955003 |
| 650 | 1 | 4 |
_aIMPUESTOS - Bogotá _955004 |
| 650 | 1 | 4 |
_aINDUSTRIA - IMPUESTOS - Bogotá _955005 |
| 942 |
_2ddc _cBK |
||
| 999 |
_c16360 _d16360 |
||